Quale famiglia per il terzo millennio? (Record n. 358067)

Dettagli MARC
000 -LEADER
campo di controllo lung. fissa 00626nam a22002057a 4500
003 - Identificatore del numero di controllo
campo di controllo IT-MiCISF
005 - Data e orario dell'ultima transazione
campo di controllo 20181115161816.0
008 - Elementi di lunghezza fissa--Informazione generale
campo di controllo lung. fissa 181115b ||||| |||| 00| 0 eng d
040 ## - Fonte della catalogazione
Agenzia che fa la trascrizione IT-MiCISF
041 ## - Codice di lingua
Codice di lingua del testo/traccia sonora o titolo separato it
100 ## - Accesso principale -- nome di persona
Nome di persona Cerisola Vignale Marilena (et al.)
9 (RLIN) 57446
245 ## - Formulazione del titolo
Titolo Quale famiglia per il terzo millennio?
Complemento del titolo Atti del &° Convegno di studi, 30 novembre 2002
260 ## - Pubblicazione, distribuzione, ecc. (stampa)
Luogo di pubblicazione, distribuzione, ecc. Imperia
Nome dell'editore, distributore, ecc. Pro familia
Data di pubblicazione, distribuzione, ecc. 2002
300 ## - Descrizione fisica
Estensione pp. 43
500 ## - Nota generale
Nota generale famiglia, società, massmedia, cambiamenti-famiglia
501 ## - Nota
Nota D'Alatri A., Rossi Sciumé G.
650 ## - Accesso aggiunto di soggetto--termine topico
Termine topico o nome geografico come accesso famiglia
9 (RLIN) 56036
654 ## - Accesso aggiunto di soggetto--termini topici faccettati
Termine principale atti
942 ## - Dati aggiuntivi (Koha)
Fonte della classificazione o dello schema di collocazione (segnatura) Dewey Decimal Classification
Tipo copia default (Koha) LIBRO
Dati di copia
Ritirato (status) Perso (status) Fonte della classificazione o dello schema di collocazione (segnatura) Danneggiato (status) Non per il presito Biblioteca proprietaria Biblioteca in cui si trova Data d'acquisizione Totale prestiti Collocazione Data ultima operazione Prezzo in vigore dal Tipo copia default (Koha)
    Dewey Decimal Classification Buone Condizioni Not For Loan CISF - Milano CISF - Milano 15/11/2018   dd40 15/11/2018 15/11/2018 LIBRO
CREDITS: SOCIETA' SAN PAOLO Via A.Severo, 58 - ROMA (RM) & PERIODICI SAN PAOLO SRL Via Giotto, 36 MILANO & CISF Via Giotto, 36 MILANO & EDIZIONI SAN PAOLO SRL,  Piazza Soncino, 5 CINISELLO BALSAMO (MI) -- ITALY